[Event "HUN-chT2 Barcza 1617"]
[Site "Hungary"]
[Date "2017.04.09"]
[Round "11.8"]
[White "Pajer, Agoston"]
[Black "Hajnal, Gyula"]
[Result "1-0"]
[WhiteElo "1975"]
[BlackElo "1912"]
[PlyCount "89"]
[EventDate "2016.09.25"]
[EventType "team-tourn"]
[EventRounds "11"]
[EventCountry "HUN"]
[SourceTitle "EXT 2021"]
[Source "ChessBase"]
[SourceDate "2020.10.23"]
[SourceVersion "1"]
[SourceVersionDate "2020.10.23"]
[SourceQuality "1"]
[WhiteTeam "Sajobabony"]
[BlackTeam "Mezokovesd"]
[WhiteTeamCountry "HUN"]
[BlackTeamCountry "HUN"]

1. d4 d5 2. c4 e6 3. Nc3 Nf6 4. Bf4 Nbd7 5. e3 a6 6. Nf3 Be7 7. Be2 0-0 8. 0-0 h6 9. Rc1 c6 10. h3 Re8 11. Re1 Nf8 12. Ne5 N8h7 13. c5 Rf8 14. Bd3 Nd7 15. Qc2 f5 16. b4 Qe8 17. Na4 Nhf6 18. Bh2 Nxe5 19. Bxe5 Nd7 20. Bh2 Rf7 21. Be2 g6 22. Nb2 Qf8 23. Nd3 Qg7 24. a3 Bf6 25. f4 h5 26. Kh1 Qh6 27. Rf1 h4 28. Rf3 Rg7 29. Rg1 Be7 30. Qd2 Nf6 31. Ne5 Ne4 32. Qe1 Bf6 33. Bd3 Bxe5 34. fxe5 g5 35. Rff1 Bd7 36. Bxe4 dxe4 37. Qd1 Be8 38. Qb3 Bh5 39. Rxf5 Re8 40. Rf6 Qh7 41. Rxe6 Rxe6 42. Qxe6+ Kh8 43. Rf1 Bf7 44. Qc8+ Bg8 45. e6 1-0

[Event "HUN-chT2 Erkel 1213"]
[Site "Hungary"]
[Date "2013.04.21"]
[Round "11.10"]
[White "Fodor, Balazs"]
[Black "Hajnal, Gyula"]
[Result "1-0"]
[WhiteElo "1802"]
[BlackElo "2028"]
[PlyCount "80"]
[EventDate "2012.09.16"]
[EventType "team-tourn"]
[EventRounds "11"]
[EventCountry "HUN"]
[SourceTitle "EXT 2014"]
[Source "ChessBase"]
[SourceDate "2013.11.20"]
[SourceVersion "1"]
[SourceVersionDate "2013.11.20"]
[SourceQuality "1"]
[WhiteTeam "Nagykata"]
[BlackTeam "Mezokovesd"]
[WhiteTeamCountry "HUN"]
[BlackTeamCountry "HUN"]

1. d4 d5 2. c4 Nf6 3. Nc3 e6 4. Bg5 Be7 5. Nf3 0-0 6. Qc2 Nbd7 7. e3 a6 8. Bd3 h6 9. Bh4 c5 10. Ne5 dxc4 11. Bxc4 Nb6 12. Rd1 Qe8 13. dxc5 Bxc5 14. Bd3 Bb4 15. 0-0 Nbd5 16. Nxd5 Nxd5 17. Bg3 Ba5 18. Nc4 Bc7 19. Bxc7 Nxc7 20. Nb6 Nd5 21. Nxa8 Qe7 22. e4 Nb4 23. Qc7 Qxc7 24. Nxc7 Nxa2 25. Na8 b5 26. Nb6 Bb7 27. Bb1 Nb4 28. Rd7 Bc6 29. Rc7 f5 30. exf5 exf5 31. Rc8 g6 32. Rc1 Rxc8 33. Nxc8 Kf7 34. Re1 Bd5 35. Ne7 Bc4 36. g4 fxg4 37. Nxg6 Kf6 38. Ne5 Be6 39. Nxg4+ Bxg4 40. Re4 Bf5 1-0

[Event "HUN-chT2 Maroczy 1011"]
[Site "Hungary"]
[Date "2010.11.21"]
[Round "6"]
[White "Terbe, Julianna"]
[Black "Hajnal, Gyula"]
[Result "1/2-1/2"]
[WhiteElo "1751"]
[BlackElo "2043"]
[PlyCount "80"]
[EventDate "2010.09.12"]
[EventType "team-tourn"]
[EventRounds "11"]
[EventCountry "HUN"]
[SourceTitle "EXT 2012"]
[Source "ChessBase"]
[SourceDate "2011.11.24"]
[SourceVersion "1"]
[SourceVersionDate "2011.11.24"]
[SourceQuality "1"]
[WhiteTeam "Kisujszallas"]
[BlackTeam "Fuzesabony"]
[WhiteTeamCountry "HUN"]
[BlackTeamCountry "HUN"]

1. d4 d5 2. Bg5 c6 3. e3 Qc7 4. Nf3 Nd7 5. Nbd2 Ngf6 6. Bd3 e6 7. 0-0 Be7 8. c3 0-0 9. e4 dxe4 10. Nxe4 h6 11. Bh4 Qd8 12. Bg3 Nxe4 13. Bxe4 f5 14. Bc2 Nf6 15. Re1 Nd5 16. Be5 Bf6 17. Bxf6 Rxf6 18. Ne5 Bd7 19. Qd2 Be8 20. f4 Rc8 21. Nd3 b6 22. b4 Qc7 23. Re5 Bf7 24. Bb3 Qd7 25. Rae1 Re8 26. R5e2 Bh5 27. Rf2 Qd6 28. Ba4 Re7 29. Ne5 Be8 30. Bb3 Nc7 31. Nd3 Qd7 32. Re5 Nb5 33. Nb2 Nd6 34. Bc2 Bg6 35. Qe1 Bh5 36. Rd2 Nf7 37. Re3 Qd6 38. Qf2 b5 39. Nd3 Qc7 40. Nc5 Nd6 1/2-1/2

[Event "HUN-chT2 Maroczy 1011"]
[Site "Hungary"]
[Date "2010.09.26"]
[Round "2"]
[White "Hajnal, Gyula"]
[Black "Farkas, Gabor1111"]
[Result "1-0"]
[WhiteElo "2043"]
[BlackElo "1981"]
[PlyCount "163"]
[EventDate "2010.09.12"]
[EventType "team-tourn"]
[EventRounds "11"]
[EventCountry "HUN"]
[SourceTitle "EXT 2012"]
[Source "ChessBase"]
[SourceDate "2011.11.24"]
[SourceVersion "1"]
[SourceVersionDate "2011.11.24"]
[SourceQuality "1"]
[WhiteTeam "Fuzesabony"]
[BlackTeam "TLSE"]
[WhiteTeamCountry "HUN"]
[BlackTeamCountry "HUN"]

1. c4 f5 2. d4 Nf6 3. Nc3 g6 4. Nf3 Bg7 5. e3 0-0 6. Bd3 d6 7. 0-0 Qe8 8. d5 c6 9. Qc2 Na6 10. a3 Nc5 11. Be2 e5 12. dxe6 Bxe6 13. Nd4 Bf7 14. b4 Nce4 15. Bb2 d5 16. c5 Nxc3 17. Bxc3 Ng4 18. Qd2 Qd7 19. Rae1 Rae8 20. Bd1 Nf6 21. Qd3 Ne4 22. Bb2 Qc7 23. Re2 Be5 24. g3 a5 25. Nf3 Bxb2 26. Rxb2 g5 27. Nd4 Bg6 28. f4 g4 29. Re1 axb4 30. axb4 h5 31. Bb3 h4 32. Ne2 Rf7 33. Kg2 Rh7 34. Qd4 Rh5 35. Rh1 Qe7 36. Rbb1 Nf6 37. Kf2 Ne4+ 38. Kg2 Rh7 39. Rbe1 Nf6 40. Nc3 Ne4 41. Nd1 Rh5 42. Nf2 Nf6 43. Bc2 Nh7 44. Nxg4 hxg3 45. hxg3 Rxh1 46. Kxh1 fxg4 47. Bxg6 Ra8 48. Bc2 Ra2 49. Qd3 Nf6 50. Qg6+ Qg7 51. Qxg7+ Kxg7 52. Bf5 Rb2 53. Rb1 Re2 54. Rb3 Ne4 55. Bxg4 Nf2+ 56. Kg2 Ra2 57. Bc8 Ne4+ 58. Kh3 Kh6 59. g4 Nf2+ 60. Kh4 Ne4 61. g5+ Kg6 62. f5+ Kg7 63. Bxb7 Rh2+ 64. Kg4 Rg2+ 65. Kf4 Rf2+ 66. Ke5 Nd2 67. Rd3 Nc4+ 68. Ke6 Re2 69. Bxc6 Nxe3 70. Kd6 Nxf5+ 71. Kxd5 Ne3+ 72. Kd6 Nc4+ 73. Kc7 Ne5 74. Rd6 Nf7 75. Rd7 Kg6 76. b5 Nxg5 77. b6 Ne6+ 78. Kd6 Kf6 79. b7 Rb2 80. Bd5 Nd4 81. Rd8 Nb5+ 82. Kd7 1-0

[Event "Eger Osz op"]
[Site "Eger"]
[Date "2009.10.22"]
[Round "1"]
[White "Mate, Sandor"]
[Black "Hajnal, Gyula"]
[Result "0-1"]
[WhiteElo "1710"]
[BlackElo "2065"]
[PlyCount "86"]
[EventDate "2009.10.22"]
[EventType "swiss"]
[EventRounds "7"]
[EventCountry "HUN"]
[SourceTitle "EXT 2011"]
[Source "ChessBase"]
[SourceDate "2010.11.26"]
[SourceVersion "1"]
[SourceVersionDate "2010.11.26"]
[SourceQuality "1"]

1. c4 c5 2. Nc3 Nc6 3. Nf3 d6 4. g3 Nf6 5. Bg2 e6 6. 0-0 Be7 7. d3 0-0 8. a3 a6 9. Rb1 Bd7 10. b4 cxb4 11. axb4 Na7 12. d4 Rc8 13. Qb3 Qc7 14. c5 Nb5 15. Na4 Bc6 16. Nb6 Rcd8 17. Bf4 Bxf3 18. Bxf3 Nxd4 19. Qc3 e5 20. Be3 dxc5 21. bxc5 Qxc5 22. Bxd4 Qxd4 23. Qxd4 Rxd4 24. Bxb7 a5 25. Bc6 Bb4 26. e3 Rd6 27. Rfc1 Rb8 28. Na4 g6 29. Kg2 h5 30. h3 Rbd8 31. Nb6 Kg7 32. Na4 Ng8 33. Bf3 Rd2 34. g4 hxg4 35. Bxg4 Nf6 36. Bf3 e4 37. Bd1 Ba3 38. Rc3 Bb4 39. Rcc1 Nd5 40. Kg3 Bd6+ 41. f4 Nxe3 42. Rb7 Rg2+ 43. Kh4 Rh8+ 0-1

[Event "HUN-chT2 Maroczy 0809"]
[Site "Hungary"]
[Date "2009.03.08"]
[Round "9"]
[White "Smaraglay, Botond"]
[Black "Hajnal, Gyula"]
[Result "0-1"]
[WhiteElo "2062"]
[BlackElo "2071"]
[PlyCount "86"]
[EventDate "2008.10.26"]
[EventType "team-tourn"]
[EventRounds "11"]
[EventCountry "HUN"]
[SourceTitle "EXT 2010"]
[Source "ChessBase"]
[SourceDate "2010.11.25"]
[SourceVersion "1"]
[SourceVersionDate "2010.11.25"]
[SourceQuality "1"]
[WhiteTeam "Husi"]
[BlackTeam "Fuzesabony"]
[WhiteTeamCountry "HUN"]
[BlackTeamCountry "HUN"]

1. c4 c5 2. Nc3 Nc6 3. Nf3 Nf6 4. d4 cxd4 5. Nxd4 e6 6. a3 Bc5 7. Nc2 0-0 8. e3 a6 9. b4 Bb6 10. Bb2 d6 11. Be2 Bc7 12. 0-0 Ne5 13. f4 Ng6 14. g3 Bd7 15. Bf3 Bc6 16. e4 Bb6+ 17. Kg2 Qc7 18. a4 Bd7 19. Na3 Rad8 20. Rc1 Ba7 21. Qb3 h5 22. Rfd1 Ng4 23. Rd3 Qb6 24. Rf1 Ne3+ 25. Rxe3 Qxe3 26. c5 dxc5 27. Nc4 Qd3 28. Rd1 Bxa4 29. Qxa4 Qxc4 30. bxc5 Qxc5 31. Rxd8 Rxd8 32. Qc2 Qe3 33. Bc1 Qg1+ 34. Kh3 h4 35. Ne2 Qf2 36. Qc7 Bb6 37. Qc3 hxg3 38. Nxg3 Bd4 39. Qc7 Bb6 40. Qxb7 Rd3 41. Bh5 Qf1+ 42. Kg4 Qd1+ 43. Kg5 Bd8+ 0-1

[Event "Eger Tel op"]
[Site "Eger"]
[Date "2009.01.31"]
[Round "4"]
[White "Gere, Orsolya"]
[Black "Hajnal, Gyula"]
[Result "1/2-1/2"]
[WhiteElo "1806"]
[BlackElo "2076"]
[PlyCount "77"]
[EventDate "2009.01.29"]
[EventType "swiss"]
[EventRounds "7"]
[EventCountry "HUN"]
[SourceTitle "EXT 2011"]
[Source "ChessBase"]
[SourceDate "2010.11.26"]
[SourceVersion "1"]
[SourceVersionDate "2010.11.26"]
[SourceQuality "1"]

1. d4 d5 2. c4 e6 3. Nf3 Nf6 4. Bg5 Be7 5. Nc3 c6 6. e3 Nbd7 7. Rc1 0-0 8. Bd3 Re8 9. 0-0 Nf8 10. Ne5 dxc4 11. Bxc4 Nd5 12. Bxe7 Qxe7 13. Nxd5 exd5 14. Bd3 f6 15. Nf3 Bg4 16. Qc2 Qf7 17. Bf5 Bxf5 18. Qxf5 Re4 19. Nd2 Rh4 20. Rc2 Re8 21. Rfc1 Ne6 22. Nf3 Re4 23. Nd2 g6 24. Qh3 Ng5 25. Qg3 R4e6 26. b4 a6 27. a4 Qd7 28. b5 axb5 29. axb5 Ra8 30. bxc6 Rxc6 31. Rxc6 bxc6 32. h4 Nf7 33. Qf3 f5 34. Qd1 Kg7 35. Nb3 Nd6 36. Nc5 Qe7 37. g3 Nc4 38. Qf3 Ra7 39. Qf4 1/2-1/2

[Event "Eger Tel op"]
[Site "Eger"]
[Date "2009.01.31"]
[Round "5"]
[White "Hajnal, Gyula"]
[Black "Istvanovszky, Martin"]
[Result "1/2-1/2"]
[WhiteElo "2076"]
[BlackElo "2192"]
[PlyCount "130"]
[EventDate "2009.01.29"]
[EventType "swiss"]
[EventRounds "7"]
[EventCountry "HUN"]
[SourceTitle "EXT 2011"]
[Source "ChessBase"]
[SourceDate "2010.11.26"]
[SourceVersion "1"]
[SourceVersionDate "2010.11.26"]
[SourceQuality "1"]

1. c4 c5 2. Nc3 Nc6 3. g3 e5 4. Bg2 d6 5. d3 Be7 6. Nf3 Be6 7. 0-0 g5 8. Bd2 h5 9. Qc1 f6 10. h4 g4 11. Ne1 f5 12. f4 Bf6 13. e4 Nge7 14. Nd5 Bxd5 15. cxd5 Nd4 16. Qd1 exf4 17. Bxf4 Ng6 18. Be3 f4 19. gxf4 Nxh4 20. Rc1 Qd7 21. e5 dxe5 22. Rxc5 Ndf3+ 23. Nxf3 gxf3 24. Bxf3 Qh3 25. Kf2 Qh2+ 26. Ke1 0-0 27. Be4 Nf5 28. Bf2 Bh4 29. Qf3 exf4 30. Rh1 Qxf2+ 31. Qxf2 Bxf2+ 32. Kxf2 Ng3 33. Rh4 Rae8 34. Rc7 Nxe4+ 35. dxe4 Rxe4 36. Rxb7 Rf5 37. d6 Rd5 38. d7 Red4 39. d8Q+ Rxd8 40. Rxh5 R8d7 41. Rxd7 Rxd7 42. Kf3 Kg7 43. Rf5 Rd2 44. Rb5 Kf6 45. Kxf4 Ke6 46. Ke3 Rd7 47. b4 Kd6 48. Rc5 Rb7 49. a3 Rh7 50. Kd4 Rh4+ 51. Kc3 Rh3+ 52. Kb2 Rg3 53. Ra5 Rg7 54. Kb3 Kc6 55. Ra6+ Kb7 56. Re6 Rg3+ 57. Ka4 Rf3 58. b5 Rh3 59. Kb4 Rh1 60. a4 Rh7 61. Rc6 Rh1 62. Rf6 Rh4+ 63. Ka5 Rh7 64. Rf4 Rg7 65. Kb4 a6 1/2-1/2

[Event "Eger Tel op"]
[Site "Eger"]
[Date "2009.01.30"]
[Round "2"]
[White "Mede, Istvan"]
[Black "Hajnal, Gyula"]
[Result "1-0"]
[WhiteElo "2272"]
[BlackElo "2076"]
[PlyCount "57"]
[EventDate "2009.01.29"]
[EventType "swiss"]
[EventRounds "7"]
[EventCountry "HUN"]
[SourceTitle "EXT 2011"]
[Source "ChessBase"]
[SourceDate "2010.11.26"]
[SourceVersion "1"]
[SourceVersionDate "2010.11.26"]
[SourceQuality "1"]

1. e4 c5 2. Nf3 Nc6 3. d4 cxd4 4. Nxd4 a6 5. Nc3 e6 6. Nxc6 bxc6 7. Bd3 Bb4 8. 0-0 Ne7 9. Qg4 Ng6 10. f4 Bxc3 11. bxc3 0-0 12. Ba3 Ne7 13. Bd6 Re8 14. Rf3 Ng6 15. f5 exf5 16. Qxf5 Re6 17. Qxf7+ Kh8 18. e5 Bb7 19. Rb1 Rxd6 20. exd6 Ne5 21. Qf5 Nxf3+ 22. gxf3 Qh4 23. Rxb7 Re8 24. Rb1 g6 25. Qg4 Qf6 26. Qxd7 Rf8 27. Qg4 Qxc3 28. Qb4 Qf6 29. Qb2 1-0

[Event "HUN-chT2 Maroczy 0809"]
[Site "Hungary"]
[Date "2009.01.11"]
[Round "5"]
[White "Csomos, Janos"]
[Black "Hajnal, Gyula"]
[Result "0-1"]
[WhiteElo "1923"]
[BlackElo "2071"]
[PlyCount "126"]
[EventDate "2008.10.26"]
[EventType "team-tourn"]
[EventRounds "11"]
[EventCountry "HUN"]
[SourceTitle "EXT 2010"]
[Source "ChessBase"]
[SourceDate "2010.11.25"]
[SourceVersion "1"]
[SourceVersionDate "2010.11.25"]
[SourceQuality "1"]
[WhiteTeam "Gyula"]
[BlackTeam "Fuzesabony"]
[WhiteTeamCountry "HUN"]
[BlackTeamCountry "HUN"]

1. d4 d5 2. c4 e6 3. Nc3 Nf6 4. Bg5 Be7 5. e3 0-0 6. Nf3 Nbd7 7. cxd5 Nxd5 8. Bxe7 Nxe7 9. Bd3 c5 10. 0-0 b6 11. Rc1 Bb7 12. Be4 Rb8 13. Bxb7 Rxb7 14. Ne4 cxd4 15. Qxd4 Nf5 16. Qd2 Qb8 17. Rfd1 Ne5 18. Nxe5 Qxe5 19. Ng3 Ne7 20. Qd4 Qb5 21. Ne4 Nf5 22. Qd2 h6 23. b3 Qe5 24. Ng3 Ne7 25. Qd4 Qg5 26. e4 Ng6 27. Qd2 Qe5 28. Qd4 Qa5 29. Qd2 Qa3 30. Rc2 Qe7 31. Qd6 Qg5 32. Qd2 Nf4 33. f3 Rbb8 34. Rc7 Rfd8 35. Qc2 Rxd1+ 36. Qxd1 h5 37. Qc2 h4 38. Nf1 Rd8 39. Rc8 Rxc8 40. Qxc8+ Kh7 41. Qc2 a5 42. g3 Ng6 43. Qc7 Qf6 44. Qxb6 Qxf3 45. Qe3 Qg4 46. Kg2 Ne5 47. h3 Qd1 48. gxh4 Ng6 49. Qf2 Qh5 50. Kh2 Nxh4 51. Nd2 Qg5 52. Kh1 Ng6 53. a3 f6 54. b4 axb4 55. axb4 Qb5 56. Qf3 Kg8 57. Qc3 Nf4 58. Nc4 Qh5 59. Qd2 Qxh3+ 60. Kg1 Qg3+ 61. Kf1 Qf3+ 62. Qf2 Qxe4 63. Qa2 Qh1+ 0-1

[Event "HUN-chT2 Maroczy 0809"]
[Site "Hungary"]
[Date "2008.12.21"]
[Round "4"]
[White "Hajnal, Gyula"]
[Black "Csonka, Balazs"]
[Result "0-1"]
[WhiteElo "2071"]
[BlackElo "1975"]
[PlyCount "74"]
[EventDate "2008.10.26"]
[EventType "team-tourn"]
[EventRounds "11"]
[EventCountry "HUN"]
[SourceTitle "EXT 2010"]
[Source "ChessBase"]
[SourceDate "2010.11.25"]
[SourceVersion "1"]
[SourceVersionDate "2010.11.25"]
[SourceQuality "1"]
[WhiteTeam "Fuzesabony"]
[BlackTeam "Maroczy"]
[WhiteTeamCountry "HUN"]
[BlackTeamCountry "HUN"]

1. c4 Nf6 2. Nc3 g6 3. d4 c5 4. e3 Bg7 5. Nf3 0-0 6. Bd3 cxd4 7. Nxd4 Nc6 8. Nf3 d6 9. h3 Nd7 10. 0-0 Nde5 11. Be2 Be6 12. Nd5 Nxf3+ 13. Bxf3 Na5 14. Be2 Rc8 15. Qa4 a6 16. Bd2 Nxc4 17. Bxc4 b5 18. Qxa6 Rxc4 19. Nf4 Bd7 20. Qa3 Qa8 21. Qb3 e5 22. Ne2 Be6 23. Qd1 Bf5 24. Ng3 Bd3 25. Re1 e4 26. Qb3 Qc6 27. a3 Be5 28. Rac1 Rc8 29. Rxc4 Qxc4 30. Qxc4 Rxc4 31. b3 Rc2 32. Bb4 Bc3 33. Ra1 Bxa1 34. Bxd6 h5 35. h4 f6 36. f4 exf3 37. gxf3 Be5 0-1

[Event "Eger Osz op"]
[Site "Eger"]
[Date "2008.10.24"]
[Round "5"]
[White "Hajnal, Gyula"]
[Black "Dostan, Janos"]
[Result "1/2-1/2"]
[WhiteElo "2071"]
[BlackElo "2194"]
[PlyCount "131"]
[EventDate "2008.10.22"]
[EventType "swiss"]
[EventRounds "7"]
[EventCountry "HUN"]
[SourceTitle "EXT 2011"]
[Source "ChessBase"]
[SourceDate "2010.11.26"]
[SourceVersion "1"]
[SourceVersionDate "2010.11.26"]
[SourceQuality "1"]

1. c4 g6 2. Nc3 Bg7 3. d4 Nf6 4. e4 d6 5. Bd3 0-0 6. Nge2 c5 7. d5 e6 8. 0-0 exd5 9. cxd5 Na6 10. a3 Nc7 11. Ng3 Rb8 12. Rb1 b5 13. Nce2 a5 14. b3 b4 15. a4 Re8 16. h3 Qe7 17. Bb2 h5 18. f3 h4 19. Nh1 Ba6 20. Bxa6 Nxa6 21. Qd3 Nc7 22. Rfe1 Nd7 23. Bxg7 Kxg7 24. Nf2 Na8 25. Ng4 Nab6 26. Qd2 Ne5 27. Qh6+ Kg8 28. Nf4 Nxg4 29. hxg4 Qf6 30. Nh3 c4 31. Ng5 Qg7 32. Qxh4 cxb3 33. Rxb3 Nxa4 34. f4 f6 35. Ne6 Rxe6 36. dxe6 Nc5 37. Rh3 Nxe6 38. f5 Ng5 39. Rd3 Qe7 40. fxg6 b3 41. Qg3 a4 42. Rb1 Qe5 43. Qf2 Nxe4 44. Qe1 Kg7 45. Re3 Qc5 46. Rc1 Qb6 47. Kh2 Rh8+ 48. Rh3 Rxh3+ 49. Kxh3 Ng5+ 50. Kh4 b2 51. Qe7+ Kxg6 52. Rf1 Qd4 53. Qe8+ Kg7 54. Qe7+ Nf7 55. Qb7 a3 56. Qb3 Qe4 57. Qc3 Ne5 58. Qc7+ Kg6 59. Rxf6+ Kxf6 60. Qxd6+ Kg7 61. Qe7+ Kh6 62. Qg5+ Kh7 63. Qe7+ Kg8 64. Qe8+ Kg7 65. Qe7+ Kg6 66. Qe6+ 1/2-1/2

[Event "Eger Osz op"]
[Site "Eger"]
[Date "2008.10.23"]
[Round "3"]
[White "Hajnal, Gyula"]
[Black "Kovacs, Lajos1111"]
[Result "0-1"]
[WhiteElo "2071"]
[BlackElo "2057"]
[PlyCount "70"]
[EventDate "2008.10.22"]
[EventType "swiss"]
[EventRounds "7"]
[EventCountry "HUN"]
[SourceTitle "EXT 2011"]
[Source "ChessBase"]
[SourceDate "2010.11.26"]
[SourceVersion "1"]
[SourceVersionDate "2010.11.26"]
[SourceQuality "1"]

1. c4 e6 2. Nc3 d5 3. cxd5 exd5 4. d4 c5 5. e3 Nf6 6. Bd3 Nc6 7. Nge2 Bg4 8. f3 Be6 9. 0-0 Be7 10. Kh1 0-0 11. a3 Qd7 12. b3 Rac8 13. Bb2 cxd4 14. exd4 Bd6 15. Qe1 Rfe8 16. Qf2 Bf5 17. Bxf5 Qxf5 18. Rac1 Na5 19. Nb5 Bb8 20. Rxc8 Rxc8 21. Nc1 Rc2 22. Qe1 Qh5 23. h3 Qg5 24. Ne2 Rxb2 25. f4 Qg6 26. Rf3 Nc6 27. Re3 h5 28. g3 Rb1 29. Nc1 Qc2 30. Rc3 Qe4+ 31. Qxe4 Nxe4 32. Rc2 a6 33. Nc3 Nxd4 34. Nxb1 Nxc2 35. Kg2 h4 0-1

[Event "Eger Osz op"]
[Site "Eger"]
[Date "2008.10.22"]
[Round "1"]
[White "Hajnal, Gyula"]
[Black "Toth, Bela1111"]
[Result "1-0"]
[WhiteElo "2071"]
[BlackElo "1822"]
[PlyCount "79"]
[EventDate "2008.10.22"]
[EventType "swiss"]
[EventRounds "7"]
[EventCountry "HUN"]
[SourceTitle "EXT 2011"]
[Source "ChessBase"]
[SourceDate "2010.11.26"]
[SourceVersion "1"]
[SourceVersionDate "2010.11.26"]
[SourceQuality "1"]

1. c4 e6 2. Nc3 g6 3. d4 Bg7 4. e4 c6 5. Bd3 Ne7 6. Nge2 0-0 7. 0-0 b6 8. Be3 Kh8 9. Ng3 Ng8 10. Qd2 d6 11. f4 f5 12. d5 Ne7 13. Rad1 exd5 14. cxd5 cxd5 15. exd5 Bb7 16. Bc4 Nd7 17. Nge2 Rc8 18. Bb3 Nf6 19. h3 Ba6 20. Rf2 Bxe2 21. Rxe2 a6 22. Bd4 Neg8 23. Rde1 Re8 24. Re6 b5 25. R1e3 b4 26. Ne2 Ne4 27. Qxb4 Rxe6 28. dxe6 Ne7 29. Nc3 Nc6 30. Bxg7+ Kxg7 31. Qb7+ Rc7 32. Qxa6 Nc5 33. Qb6 Qc8 34. Bd5 Ne7 35. Qxd6 Nxd5 36. Nxd5 Rc6 37. Qe5+ Kh6 38. e7 Ne6 39. Nf6 Rc1+ 40. Kh2 1-0

[Event "Eger Tel op"]
[Site "Eger"]
[Date "2008.01.27"]
[Round "6"]
[White "Hajnal, Gyula"]
[Black "Csonka, Balazs"]
[Result "1-0"]
[WhiteElo "2051"]
[BlackElo "1879"]
[PlyCount "120"]
[EventDate "2008.01.24"]
[EventType "swiss"]
[EventRounds "7"]
[EventCountry "HUN"]
[SourceTitle "EXT 2011"]
[Source "ChessBase"]
[SourceDate "2010.11.26"]
[SourceVersion "1"]
[SourceVersionDate "2010.11.26"]
[SourceQuality "1"]

1. c4 e6 2. Nc3 d5 3. d4 Nf6 4. e3 Be7 5. Nf3 0-0 6. Be2 a6 7. 0-0 dxc4 8. Bxc4 b5 9. Bb3 Bb7 10. Nd2 Nbd7 11. Bc2 c5 12. Ne2 cxd4 13. Nxd4 Qc7 14. Bb3 Nc5 15. Qe2 Bd6 16. h3 Rfd8 17. Re1 Bh2+ 18. Kh1 Be5 19. N2f3 Bxd4 20. exd4 Nxb3 21. axb3 Bxf3 22. Qxf3 Nd5 23. Qe4 Nf6 24. Qf3 Nd5 25. Bg5 Rdc8 26. Re2 Qd7 27. Qg4 Kh8 28. Bh4 Rc6 29. Bg3 Rac8 30. Kh2 Ne7 31. f3 Nf5 32. Bf2 Qd6+ 33. g3 Qd5 34. Qe4 Qxb3 35. g4 Ne7 36. h4 Rc2 37. Rxc2 Qxc2 38. Kg3 Qc7+ 39. f4 Qc6 40. Qxc6 Rxc6 41. Kf3 Nd5 42. f5 Kg8 43. Ke4 Nf6+ 44. Kf4 Nd5+ 45. Ke5 Nb4 46. Bg3 Nd3+ 47. Ke4 Nxb2 48. d5 Rc4+ 49. Ke5 Ra4 50. Rxa4 bxa4 51. fxe6 Kf8 52. Kd6 Nc4+ 53. Kd7 fxe6 54. dxe6 Nb6+ 55. Kc6 Ke7 56. Kxb6 Kxe6 57. Be1 Ke5 58. Bd2 a3 59. h5 a2 60. Bc3+ Kf4 1-0

[Event "Eger Tel op"]
[Site "Eger"]
[Date "2008.01.25"]
[Round "3"]
[White "Heidrich, Mate"]
[Black "Hajnal, Gyula"]
[Result "0-1"]
[WhiteElo "1829"]
[BlackElo "2051"]
[PlyCount "58"]
[EventDate "2008.01.24"]
[EventType "swiss"]
[EventRounds "7"]
[EventCountry "HUN"]
[SourceTitle "EXT 2011"]
[Source "ChessBase"]
[SourceDate "2010.11.26"]
[SourceVersion "1"]
[SourceVersionDate "2010.11.26"]
[SourceQuality "1"]

1. e4 c5 2. c3 Nc6 3. d4 cxd4 4. cxd4 d5 5. e5 e6 6. Nc3 Nge7 7. Nf3 Nf5 8. Bb5 Bd7 9. Bg5 Be7 10. Bxc6 Bxc6 11. Bxe7 Qxe7 12. 0-0 0-0 13. Qd2 h6 14. Rac1 Rac8 15. Rc2 Rc7 16. Rfc1 Rfc8 17. h3 a6 18. Qf4 Kh7 19. Kh2 g6 20. Qd2 Rg8 21. Na4 Rcc8 22. Nc5 Qe8 23. Qb4 Ne7 24. Nd2 Ra8 25. Ndb3 g5 26. Na5 Nf5 27. g4 Nh4 28. Kg3 f5 29. exf6 Qb8+ 0-1